Unesená /
Napínavý psychologicko-erotický příběh čerpající ze skutečných událostí, který v sobě nese prvky tvrdé pornografie.
Uloženo v:
| Hlavní autor: | |
|---|---|
| Médium: | E-kniha |
| Jazyk: | Czech |
| Vydáno: |
Praha :
E-knihy jedou,
2019
|
| Tagy: |
Žádné tagy |
| LEADER | 01065nam a22002297i 4500 | ||
|---|---|---|---|
| 001 | 311036 | ||
| 007 | ta | ||
| 008 | 260601s2019 xr ||||| |||| 00| 0 cze d | ||
| 020 | |a 9990001846596 | ||
| 044 | |a xr | ||
| 100 | 1 | |a Castle, Nataly |4 aut | |
| 245 | 1 | 0 | |a Unesená / |c Castle, Nataly |
| 264 | 1 | |a Praha : |b E-knihy jedou, |c 2019 | |
| 300 | |a 1 online zdroj (74 stran) | ||
| 336 | |a text |b txt |2 rdacontent | ||
| 337 | |a bez média |b n |2 rdamedia | ||
| 338 | |a online zdroj |b cr |2 rdacarrier | ||
| 520 | 2 | |a Napínavý psychologicko-erotický příběh čerpající ze skutečných událostí, který v sobě nese prvky tvrdé pornografie. | |
| 910 | |a RBIT002 | ||
| 998 | |d 184659 |a https://core.palmknihy.cz/api/books/184659/cover?pq3y4j |b https://core.palmknihy.cz/api/books/184659/cover/400?pq3y4j |c https://core.palmknihy.cz/api/books/184659/cover/50?pq3y4j |e |g 74 |i 9990001846596 |j https://core.palmknihy.cz/api/books/184659/preview.epub |k https://core.palmknihy.cz/api/books/184659/preview.pdf |l |q 49 |r 1 |s https://www.palmknihy.cz/kniha/184659 |t ebook |y 2019 |z 1 | ||
| 999 | |d 311034 | ||